| 000 | 01119nam a2200313 a 4500 | ||
|---|---|---|---|
| 001 | ebr10007005 | ||
| 003 | CaPaEBR | ||
| 006 | m u | ||
| 007 | cr cn||||||||| | ||
| 008 | 001003s2001 nju s 001 0 eng | ||
| 010 | _z 00050712 | ||
| 020 | _z1564144933 (paper) | ||
| 040 |
_aCaPaEBR _cCaPaEBR |
||
| 035 | _a(OCoLC)70764733 | ||
| 050 | 1 | 4 |
_aPN6122 _b.F723 2001eb |
| 082 | 0 | 4 |
_a808.5/1 _221 |
| 100 | 1 | _aFrothingham, Andrew. | |
| 245 | 1 | 0 |
_aLast minute speeches and toasts _h[electronic resource] / _cby Andrew Frothingham. |
| 260 |
_aFranklin Lakes, N.J. : _bCareer Press, _c2001. |
||
| 300 | _a159 p. | ||
| 500 | _aIncludes index. | ||
| 533 |
_aElectronic reproduction. _bPalo Alto, Calif. : _cebrary, _d2013. _nAvailable via World Wide Web. _nAccess may be limited to ebrary affiliated libraries. |
||
| 650 | 0 | _aSpeeches, addresses, etc. | |
| 650 | 0 | _aToasts. | |
| 650 | 0 | _aSpeechwriting. | |
| 655 | 7 |
_aElectronic books. _2local |
|
| 710 | 2 | _aebrary, Inc. | |
| 856 | 4 | 0 |
_uhttp://site.ebrary.com/lib/rucke/Doc?id=10007005 _zAn electronic book accessible through the World Wide Web; click to view |
| 999 |
_c854 _d854 |
||